000 00365nam a2200145Ia 4500
008 090124s9999 xx 000 0 und d
082 _b204394
245 _aFOUR CLASSICAL POETS OF SINDH
250 _a1
260 _bSHAH INAT
_c1997
300 _a159
630 _aFOUR CLASSICAL POETS OF SINDH
730 _aFOUR CLASSICAL POETS OF SINDH
942 _cBOOK
999 _c185975
_d185975